|
|
|
|
| LEADER |
01567nam a2200373 a 4500 |
| 001 |
30078 |
| 003 |
BD-DhAAL |
| 005 |
20151104104121.0 |
| 008 |
151104s2014 maua b 001 0 eng |
| 010 |
|
|
|a 2010053085
|
| 020 |
|
|
|a 1292021225
|
| 020 |
|
|
|a 9781292021225
|
| 020 |
|
|
|a 9780132582520
|
| 020 |
|
|
|a 013258252X
|
| 020 |
|
|
|a 9780132668903 (pbk.)
|
| 020 |
|
|
|a 0132668904 (pbk.)
|
| 035 |
|
|
|a (OCoLC)ocn682896734
|
| 040 |
|
|
|a DLC
|c DLC
|d YDX
|d BTCTA
|d YDXCP
|d BWX
|d CDX
|d SINIE
|d DLC
|d BD-DhAAL
|
| 050 |
0 |
0 |
|a P118
|b .O93 2012
|
| 082 |
0 |
0 |
|a 401.93
|2 22
|
| 100 |
1 |
|
|a Owens, Robert E.,
|c Jr.,
|d 1944-
|e author.
|9 15969
|
| 245 |
1 |
0 |
|a Language development :
|b an introduction /
|c Robert E. Owens, Jr.
|
| 250 |
|
|
|a 8th ed.
|b Pearson new international edition
|
| 260 |
|
|
|a Boston :
|b Pearson,
|c c2014.
|
| 300 |
|
|
|a ii, 512 p. :
|b ill. ;
|c 26 cm.
|
| 490 |
1 |
|
|a The Allyn & Bacon communication sciences and disorders series
|
| 504 |
|
|
|a Includes bibliographical references and indexes.
|
| 541 |
|
|
|e 30078
|
| 650 |
|
0 |
|a Language acquisition.
|9 15970
|
| 830 |
|
0 |
|a Allyn & Bacon communication sciences and disorders series.
|9 15971
|
| 942 |
|
|
|2 ddc
|c BK
|
| 999 |
|
|
|c 36030
|d 36030
|
| 952 |
|
|
|0 0
|1 0
|2 ddc
|4 0
|6 401_930000000000000_OWE
|7 0
|9 56608
|a BRACUL
|b BRACUL
|c GEN
|d 2015-11-04
|e Karim International
|g 6300.00
|l 2
|m 5
|o 401.93 OWE
|p 3010030078
|r 2022-10-12
|s 2022-10-03
|t 1
|w 2015-11-04
|y BK
|
| 952 |
|
|
|0 0
|1 0
|2 ddc
|4 0
|6 401_930000000000000_OWE
|7 0
|9 56609
|a BRACUL
|b BRACUL
|c GEN
|d 2015-11-04
|e Karim International
|g 6300.00
|l 2
|m 3
|o 401.93 OWE
|p 3010030079
|r 2025-05-23
|s 2025-05-07
|t 2
|w 2015-11-04
|y BK
|